| 000 | 00410nam a2200133 a 4500 | ||
|---|---|---|---|
| 001 | 5555 | ||
| 003 | CDMR | ||
| 005 | 20130326192447.0 | ||
| 008 | 130130s1988||||||||||||||||||||||||||||d | ||
| 040 |
_aCDMR _bcat _cCDMR |
||
| 245 | 0 |
_aSeminari sobre la documentació en els mitjans d'informació _b: algunes experiències a Catalunya |
|
| 260 |
_aBarcelona _c1988 _bCol.legi de Periodistes de Catalunya |
||
| 942 |
_cMON _2udc |
||
| 999 |
_c5555 _d5555 |
||